लोड हो रहा है...

Society an introductory analysis

ग्रंथसूची विवरण
मुख्य लेखक: Maciver, R.M
अन्य लेखक: Page, Charles H.
स्वरूप: Printed Book
भाषा:English
प्रकाशित: London Macmillan and company 1962
विषय:
LEADER 00536nam a22001697a 4500
005 20151215125431.0
008 091208t xxu||||| |||| 00| 0 eng d
082 |a Y  |b J0 
100 |a Maciver, R.M.  |9 5919 
245 |a Society  |b an introductory analysis 
300 |a xvii,697p. 
653 |a society 
700 |a Page, Charles H.  |9 12692 
942 |c BK  |6 _ 
260 |c 1962  |a London  |b Macmillan and company 
999 |c 103940  |d 103940 
952 |0 0  |1 0  |2 ddc  |4 0  |6 301_MAC  |7 0  |9 131266  |a SMS  |b SMS  |c GEN  |d 2009-12-08  |o 301 MAC  |p SMS000524  |r 2009-12-08  |w 2009-12-08  |y BK